Advances in plant pathology.

Bibliographic Details
New Title:Advances in botanical research
Format: Serial
Language:English
Published: London ; New York : Academic Press, 1982-
Subjects:
Online Availability: Check for online availability

MARC

Tag First Indicator Second Indicator Subfields
LEADER 00000cas a2200000 a 4500
001 in00000744513
005 20151016165749.0
008 821014d19821995enkuu1 0 a0eng d
010 |a  83642797   |z sc 83004004  
019 |a 11608208 
022 0 |a 0736-4539 
030 |a APLPD6 
035 |a (OCoLC)08861704 
035 |9 ADJ7169AM 
040 |a HUL  |c HUL  |d DLC  |d NSD  |d NST  |d NSD  |d DLC  |d NST  |d SER  |d DLC  |d NST  |d NSD  |d NST  |d OCL  |d WAU  |d AGL  |d TXA  |d UtOrBLW 
042 |a lc  |a nsdp 
049 |a TXAE 
050 0 0 |a SB599  |b .A38 
090 |a SB599  |b .A3 
210 0 |a Adv. plant pathol. 
222 0 |a Advances in plant pathology 
245 0 0 |a Advances in plant pathology. 
264 1 |a London ;  |a New York :  |b Academic Press,  |c 1982- 
264 4 |c ©1995 
300 |a 11 volumes :  |b illustrations ;  |c 24 cm. 
336 |a text  |b txt  |2 rdacontent 
337 |a unmediated  |b n  |2 rdamedia 
338 |a volume  |b nc  |2 rdacarrier 
362 0 |a Vol. 1-11. 
510 0 |a Chemical abstracts  |x 0009-2258 
650 0 |a Plant diseases  |v Periodicals. 
785 0 4 |t Advances in botanical research  |x 0065-2296  |w (DLC) 62021144  |w (OCoLC)1461155 
999 |a MARS 
999 f f |s 42e50df5-104e-3445-b4aa-8a7f0eeb94aa  |i 8ef26590-0ff7-3693-a5ef-571b3f7ea8ae  |t 0 
952 f f |p ric  |a Texas A&M University  |b Rellis Campus  |c Joint Library Facility  |d Remote Storage  |t 0  |e SB599 .A3  |h Library of Congress classification  |i unmediated -- volume  |k v.10  |l 1993  |m A14817642852 
952 f f |p ric  |a Texas A&M University  |b Rellis Campus  |c Joint Library Facility  |d Remote Storage  |t 0  |e SB599 .A3  |h Library of Congress classification  |i unmediated -- volume  |k v.1  |l 1982  |m A14807347646 
952 f f |p ric  |a Texas A&M University  |b Rellis Campus  |c Joint Library Facility  |d Remote Storage  |t 0  |e SB599 .A3  |h Library of Congress classification  |i unmediated -- volume  |k v.8  |l 1992  |m A14816560934 
952 f f |p ric  |a Texas A&M University  |b Rellis Campus  |c Joint Library Facility  |d Remote Storage  |t 0  |e SB599 .A3  |h Library of Congress classification  |i unmediated -- volume  |k v.3  |l 1985  |m A14808673870 
952 f f |p ric  |a Texas A&M University  |b Rellis Campus  |c Joint Library Facility  |d Remote Storage  |t 0  |e SB599 .A3  |h Library of Congress classification  |i unmediated -- volume  |k v.4  |l 1986  |m A14809741448 
952 f f |p ric  |a Texas A&M University  |b Rellis Campus  |c Joint Library Facility  |d Remote Storage  |t 0  |e SB599 .A3  |h Library of Congress classification  |i unmediated -- volume  |k v.9  |l 1993  |m A14817380468 
952 f f |p ric  |a Texas A&M University  |b Rellis Campus  |c Joint Library Facility  |d Remote Storage  |t 0  |e SB599 .A3  |h Library of Congress classification  |i unmediated -- volume  |k v.7  |l 1989  |m A14814712373 
952 f f |p ric  |a Texas A&M University  |b Rellis Campus  |c Joint Library Facility  |d Remote Storage  |t 0  |e SB599 .A3  |h Library of Congress classification  |i unmediated -- volume  |k v.2  |l 1984  |m A14808234969 
952 f f |p ric  |a Texas A&M University  |b Rellis Campus  |c Joint Library Facility  |d Remote Storage  |t 0  |e SB599 .A3  |h Library of Congress classification  |i unmediated -- volume  |k v.6  |l 1988  |m A14811277251 
952 f f |p ric  |a Texas A&M University  |b Rellis Campus  |c Joint Library Facility  |d Remote Storage  |t 0  |e SB599 .A3  |h Library of Congress classification  |i unmediated -- volume  |k v.5  |l 1986  |m A14809699421 
952 f f |p ric  |a Texas A&M University  |b Rellis Campus  |c Joint Library Facility  |d Remote Storage  |t 0  |e SB599 .A3  |h Library of Congress classification  |i unmediated -- volume  |k v.11  |l 1995  |m A14819096405 
998 f f |a SB599 .A3  |s v.1-11 (1982-1995)  |t 0  |l Remote Storage